|
|
|
|
| LEADER |
02340nam a2200445 a 4500 |
| 001 |
36949 |
| 003 |
BD-DhAAL |
| 005 |
20211124132133.0 |
| 008 |
200128t2012 ilua b 001 0 eng d |
| 999 |
|
|
|c 42179
|d 42179
|
| 010 |
|
|
|a 2012001957
|
| 020 |
|
|
|a 9780736096058 (print)
|
| 020 |
|
|
|a 0736096051 (print)
|
| 035 |
|
|
|a (DNLM)101576423
|
| 040 |
|
|
|a DNLM/DLC
|c DLC
|d DLC
|d BD-DhAAL
|
| 042 |
|
|
|a pcc
|
| 050 |
0 |
0 |
|a QP514.2
|b .H68 2012
|
| 060 |
1 |
0 |
|a QU 120
|
| 082 |
0 |
0 |
|a 612.044
|2 23
|
| 100 |
1 |
|
|a Tiidus, Peter M.,
|d 1955-
|9 39141
|
| 245 |
1 |
0 |
|a Biochemistry primer for exercise science /
|c Peter M. Tiidus, A. Russell Tupling, Michael E. Houston.
|
| 250 |
|
|
|a Fourth edition
|
| 260 |
|
|
|a Champaign, IL :
|b Human Kinetics,
|c c2012.
|
| 300 |
|
|
|a xi, 299 pages :
|b illustrations ;
|c 28 cm
|
| 500 |
|
|
|a Rev. ed. of: Biochemistry primer for exercise science / Michael E. Houston. 3rd ed. c2006.
|
| 504 |
|
|
|a Includes bibliographical references and index.
|
| 505 |
0 |
|
|a Amino acids, peptides, and proteins -- Enzymes -- Gene transcription and protein synthesis -- Energy systems and bioenergetics -- Oxidative phosphorylation -- Carbohydrate and related metabolism -- Lipid metabolism -- Amino acid and protein metabolism.
|
| 526 |
|
|
|a PHR
|
| 541 |
|
|
|a Development Book Agency
|e 36949, 36950, 36951
|
| 650 |
1 |
2 |
|a Exercise
|x physiology.
|9 39142
|
| 650 |
1 |
2 |
|a Metabolism
|x physiology.
|9 39143
|
| 650 |
1 |
2 |
|a Pharmacy.
|9 39144
|
| 700 |
1 |
|
|a Tupling, A. Russell,
|d 1970-
|9 39145
|
| 700 |
1 |
|
|a Houston, Michael E.,
|d 1941-2008.
|9 39146
|
| 700 |
1 |
|
|a Houston, Michael E.,
|d 1941-2008.
|t Biochemistry primer for exercise science.
|9 39147
|
| 852 |
|
|
|a Ayesha Abed Library
|c General Stacks
|
| 942 |
|
|
|2 ddc
|c BK
|
| 952 |
|
|
|0 0
|1 0
|2 ddc
|4 0
|6 612_044000000000000_TII
|7 0
|9 67775
|a BRACUL
|b BRACUL
|c GEN
|d 2020-01-23
|e Development Book Agency
|g 4500.00
|l 7
|m 7
|o 612.044 TII
|p 3010036950
|r 2025-07-10
|s 2025-07-03
|t 2
|v 4500.00
|w 2020-01-23
|y BK
|
| 952 |
|
|
|0 0
|1 0
|2 ddc
|4 0
|6 612_044000000000000_TII
|7 0
|9 67776
|a BRACUL
|b BRACUL
|c GEN
|d 2020-01-23
|e Development Book Agency
|g 4500.00
|l 2
|m 9
|o 612.044 TII
|p 3010036949
|r 2024-06-11
|s 2024-06-04
|t 1
|v 4500.00
|w 2020-01-23
|y BK
|
| 952 |
|
|
|0 0
|1 0
|2 ddc
|4 0
|6 612_044000000000000_TII
|7 0
|9 67777
|a BRACUL
|b BRACUL
|c GEN
|d 2020-01-23
|e Development Book Agency
|g 4500.00
|l 4
|m 10
|o 612.044 TII
|p 3010036951
|r 2026-05-14
|s 2026-05-02
|t 3
|v 4500.00
|w 2020-01-23
|y BK
|